| 000 | 01903cam a22004934a 4500 | ||
|---|---|---|---|
| 001 | muse38617 | ||
| 003 | MdBmJHUP | ||
| 005 | 20210127151102.0 | ||
| 006 | m o d | ||
| 007 | cr||||||||nn|n | ||
| 008 | 031016s2004 wau o 00 0 eng d | ||
| 010 | _z 2003064505 | ||
| 020 | _a9780295804057 | ||
| 020 | _a029580405X | ||
| 020 | _z0295983906 (alk. paper) | ||
| 020 | _z9780295983905 | ||
| 035 | _a(OCoLC)878405468 | ||
| 040 |
_aMdBmJHUP _cMdBmJHUP |
||
| 043 | _aa-cc--- | ||
| 050 | 0 | 4 |
_aJQ1506.M5 _bG68 2004 |
| 082 | 0 |
_a323.151 _222 |
|
| 245 | 0 | 0 |
_aGoverning China's Multiethnic Frontiers _cedited by Morris Rossabi. |
| 264 | 1 | _bUniversity of Washington Press, | |
| 264 | 3 | _bProject MUSE, | |
| 300 |
_a1 online resource (viii, 296 p.) : _bill. ; |
||
| 500 | _aPapers presented at conference "China's Management of Its National Minorities," held in Washington, D.C., Feb. 2001. | ||
| 504 | _aIncludes bibliographical references (p. 270-284) and index. | ||
| 506 | 0 |
_aOpen Access _fUnrestricted online access _2star |
|
| 588 | _aDescription based on print version record. | ||
| 650 | 0 |
_aMinorities _xGovernment policy _zChina _vCongresses. |
|
| 651 | 0 |
_aChina _xEthnic relations _xPolitical aspects _vCongresses. |
|
| 655 | 7 |
_aElectronic books. _2local |
|
| 700 | 1 | _aRossabi, Morris. | |
| 710 | 2 |
_aProject Muse. _edistributor |
|
| 830 | 0 | _aBook collections on Project MUSE. | |
| 856 | 4 | 0 |
_zFull text available: _uhttps://muse.jhu.edu/book/32647/ |
| 945 | _aProject MUSE - Archive Political Science and Policy Studies Supplement III | ||
| 945 | _aProject MUSE - Archive Complete Supplement III | ||
| 945 | _aProject MUSE - Archive Asian and Pacific Studies Supplement II | ||
| 999 |
_c24549 _d24549 |
||